[Event "Open Parla 2008"]
[Site "Parla ESP"]
[Date "2008.09.10"]
[Round "5.48"]
[White "Lopez Garralon, Miguel"]
[Black "Tsebrovskyy, Roman"]
[Result "1/2-1/2"]
[WhiteElo "1693"]
[BlackElo "1863"]
[PlyCount "63"]
[EventDate "2008.09.06"]
[EventType "swiss"]
[EventRounds "9"]
[EventCountry "AUT"]
[Source "lmi"]
[SourceDate "2008.09.06"]

1. e4 e5 2. Nf3 Nc6 3. Bc4 Nf6 4. d3 Be7 5. Bb3 d5 6. exd5 Nxd5 7. O-O Bg4 8.
h3 Bh5 9. c3 O-O 10. Re1 Bf6 11. Nbd2 Nf4 12. Ne4 Nxd3 13. Nxf6+ gxf6 14. Re3
Nxc1 15. Qxc1 Bg6 16. g4 Kg7 17. h4 Qd7 18. Nh2 h6 19. Qf1 Rad8 20. Rae1 Bd3
21. Qg2 Na5 22. g5 hxg5 23. hxg5 Rg8 24. Rg3 f5 25. Rxe5 Nxb3 26. axb3 Be4 27.
Qf1 Qd1 28. c4 Qxf1+ 29. Kxf1 Rd1+ 30. Ke2 Rgd8 31. Nf3 Bxf3+ 32. Kxf3 1/2-1/2

[Event "Open Parla 2008"]
[Site "Parla ESP"]
[Date "2008.09.10"]
[Round "5.50"]
[White "Burlacu, Laurentiu"]
[Black "Rios Barba, Faustino"]
[Result "1-0"]
[WhiteElo "2009"]
[BlackElo "1559"]
[PlyCount "51"]
[EventDate "2008.09.06"]
[EventType "swiss"]
[EventRounds "9"]
[EventCountry "AUT"]
[Source "lmi"]
[SourceDate "2008.09.06"]

1. e4 c5 2. Nf3 Nc6 3. d4 cxd4 4. Nxd4 Nf6 5. Nc3 a6 6. Bc4 e6 7. f3 Be7 8. Be3
Ne5 9. Bb3 O-O 10. Qd2 b5 11. O-O-O Bb4 12. a3 Ba5 13. Nde2 Bb7 14. Bc5 Re8 15.
Bd6 Nc4 16. Bxc4 bxc4 17. Qd4 Rc8 18. Na4 Bc6 19. Nc5 Qb6 20. Nc3 Bxc3 21. Qxc3
Bb5 22. a4 Rc6 23. axb5 Rxd6 24. Rxd6 Qxd6 25. Nxa6 Rc8 26. e5 1-0

[Event "Open Parla 2008"]
[Site "Parla ESP"]
[Date "2008.09.11"]
[Round "6.1"]
[White "Mekhitarian, Krikor Sevag"]
[Black "Ortiz Suarez, Isam"]
[Result "0-1"]
[WhiteElo "2504"]
[BlackElo "2392"]
[PlyCount "78"]
[EventDate "2008.09.06"]
[EventType "swiss"]
[EventRounds "9"]
[EventCountry "AUT"]
[Source "lmi"]
[SourceDate "2008.09.06"]

1. e4 d6 2. d4 Nf6 3. Nc3 g6 4. Be3 c6 5. f3 b5 6. Qd2 Qc7 7. g4 h6 8. O-O-O
Nbd7 9. Kb1 Nb6 10. Bd3 Bg7 11. h4 b4 12. Nce2 c5 13. c4 Nfd7 14. Rc1 cxd4 15.
Bxd4 e5 16. Be3 Nc5 17. h5 Be6 18. b3 a5 19. hxg6 fxg6 20. Rc2 a4 21. Nc1 axb3
22. axb3 Kf7 23. Rh2 Ra3 24. Qxb4 Rha8 25. Ra2 Nxd3 26. Qxb6 Qxb6 27. Bxb6 Nxc1
28. Rxa3 Rxa3 29. Kxc1 Rxb3 30. c5 Bf8 31. Bc7 dxc5 32. Bxe5 c4 33. Bd4 Rd3 34.
Rd2 Bb4 35. Rxd3 cxd3 36. Be3 h5 37. Bd2 Ba3+ 38. Kd1 hxg4 39. fxg4 Bc5 0-1

[Event "Open Parla 2008"]
[Site "Parla ESP"]
[Date "2008.09.11"]
[Round "6.2"]
[White "Roa Alonso, Santiago"]
[Black "Epishin, Vladimir"]
[Result "1/2-1/2"]
[WhiteElo "2465"]
[BlackElo "2574"]
[PlyCount "109"]
[EventDate "2008.09.06"]
[EventType "swiss"]
[EventRounds "9"]
[EventCountry "AUT"]
[Source "lmi"]
[SourceDate "2008.09.06"]

1. e4 c5 2. Nf3 Nc6 3. d4 cxd4 4. Nxd4 Nf6 5. Nc3 d6 6. Be2 g6 7. O-O Bg7 8.
Nb3 O-O 9. Bg5 Rb8 10. f4 b5 11. Bf3 b4 12. Nd5 a5 13. a4 Ba6 14. Bxf6 Bxf6 15.
Nxf6+ exf6 16. Be2 Qb6+ 17. Kh1 Bxe2 18. Qxe2 Nd4 19. Qd3 Nxb3 20. cxb3 Rfe8
21. Rae1 Kg7 22. h3 Rb7 23. Re2 Rbe7 24. Rfe1 h6 25. Kh2 f5 26. exf5 Rxe2 27.
Rxe2 Rxe2 28. Qxe2 gxf5 29. Qb5 Qe3 30. Qxf5 Qxb3 31. Qxa5 Qxb2 32. Qb6 Qd2 33.
a5 Qxf4+ 34. Kh1 Qc1+ 35. Kh2 Qc5 36. Qxc5 dxc5 37. a6 b3 38. a7 b2 39. a8=Q
b1=Q 40. Qd5 Qb8+ 41. Kg1 Qc7 42. Qc4 Qe5 43. Kf1 Qd4 44. Qc2 h5 45. g3 c4 46.
Ke2 h4 47. gxh4 c3 48. Qd3 Qe5+ 49. Kd1 f5 50. Kc2 Kh6 51. Qxc3 Qxc3+ 52. Kxc3
Kh5 53. Kd4 Kxh4 54. Ke5 Kxh3 55. Kxf5 1/2-1/2

[Event "Open Parla 2008"]
[Site "Parla ESP"]
[Date "2008.09.11"]
[Round "6.3"]
[White "Fier, Alexandr"]
[Black "Arribas Lopez, Angel"]
[Result "1-0"]
[WhiteElo "2558"]
[BlackElo "2332"]
[PlyCount "93"]
[EventDate "2008.09.06"]
[EventType "swiss"]
[EventRounds "9"]
[EventCountry "AUT"]
[Source "lmi"]
[SourceDate "2008.09.06"]

1. e4 c5 2. Nf3 d6 3. d4 cxd4 4. Nxd4 Nf6 5. Nc3 g6 6. Be3 Bg7 7. f3 O-O 8. Qd2
Nc6 9. O-O-O d5 10. Kb1 Nxd4 11. e5 Nf5 12. exf6 Bxf6 13. Nxd5 Qxd5 14. Qxd5
Nxe3 15. Qd2 Nxd1 16. Qxd1 Bf5 17. Bc4 Rfc8 18. Bb3 g5 19. g4 Bg6 20. h4 h6 21.
f4 gxf4 22. Qf3 Rc5 23. Qxf4 Rac8 24. Rh2 Kg7 25. h5 Be5 26. Qf3 Bxh2 27. hxg6
f6 28. Qxb7 Bd6 29. Qxa7 f5 30. gxf5 Rxf5 31. a4 h5 32. Qd7 Rcf8 33. Bf7 Re5
34. Qh3 Ra8 35. Qh4 Rb8 36. Bc4 Rf8 37. Ka2 Ref5 38. Bd3 Rd5 39. Qc4 Rg5 40.
Qd4+ Rf6 41. b4 Rg4 42. Qd5 Rff4 43. c3 Rh4 44. a5 Rh2+ 45. Kb3 Rff2 46. a6
Rb2+ 47. Ka4 1-0

[Event "Open Parla 2008"]
[Site "Parla ESP"]
[Date "2008.09.11"]
[Round "6.4"]
[White "Diamant, Andre"]
[Black "Vazquez Igarza, Renier"]
[Result "1/2-1/2"]
[WhiteElo "2393"]
[BlackElo "2540"]
[PlyCount "62"]
[EventDate "2008.09.06"]
[EventType "swiss"]
[EventRounds "9"]
[EventCountry "AUT"]
[Source "lmi"]
[SourceDate "2008.09.06"]

1. e4 e5 2. Nf3 Nf6 3. Nxe5 d6 4. Nf3 Nxe4 5. Qe2 Qe7 6. d3 Nf6 7. Bg5 Qxe2+ 8.
Bxe2 Be7 9. Nc3 c6 10. O-O Na6 11. Rfe1 Nc7 12. Bf1 Ne6 13. Bd2 Bd7 14. Ne2 O-O
15. Nf4 Rfe8 16. h3 h6 17. a3 Bf8 18. Nxe6 Bxe6 19. Nd4 Bd7 20. Rxe8 Rxe8 21.
Re1 Rc8 22. g3 c5 23. Ne2 Bc6 24. Bg2 d5 25. Bc3 d4 26. Bd2 Nd5 27. Nf4 Nxf4
28. Bxf4 Bxg2 29. Kxg2 f6 30. Kf3 Kf7 31. g4 Rc6 1/2-1/2

[Event "Open Parla 2008"]
[Site "Parla ESP"]
[Date "2008.09.11"]
[Round "6.8"]
[White "Vera Gonzalez-Quevedo, Reynaldo"]
[Black "Estrada Martinez, Cesar"]
[Result "1-0"]
[WhiteElo "2493"]
[BlackElo "2225"]
[PlyCount "77"]
[EventDate "2008.09.06"]
[EventType "swiss"]
[EventRounds "9"]
[EventCountry "AUT"]
[Source "lmi"]
[SourceDate "2008.09.06"]

1. d4 d5 2. c4 c6 3. Nc3 Nf6 4. e3 g6 5. Nf3 Bg4 6. cxd5 Bxf3 7. Qxf3 cxd5 8.
Bb5+ Nc6 9. Bxc6+ bxc6 10. O-O Bg7 11. Bd2 O-O 12. Rfc1 e5 13. Ne2 Qb6 14. Rc2
Ne4 15. dxe5 Nxd2 16. Rxd2 Bxe5 17. Rc2 Rac8 18. Rac1 Rfd8 19. Nf4 Bxf4 20.
Qxf4 c5 21. b3 Qb5 22. h4 h5 23. Qg5 Rd6 24. Qe5 Rdd8 25. Rd1 c4 26. bxc4 Rxc4
27. Rcd2 Qb8 28. Qf6 Qd6 29. Qg5 Qc7 30. g3 Rc5 31. Rxd5 Rcxd5 32. Rxd5 Rxd5
33. Qxd5 Qc1+ 34. Kg2 Qa3 35. Qb3 Qa6 36. e4 Qe2 37. Qb8+ Kh7 38. Qxa7 Kg7 39.
Qa8 1-0

[Event "Open Parla 2008"]
[Site "Parla ESP"]
[Date "2008.09.11"]
[Round "6.9"]
[White "Di Berardino, Diego Rafael"]
[Black "Adan Bermudez, Sergio"]
[Result "1-0"]
[WhiteElo "2471"]
[BlackElo "2205"]
[PlyCount "43"]
[EventDate "2008.09.06"]
[EventType "swiss"]
[EventRounds "9"]
[EventCountry "AUT"]
[Source "lmi"]
[SourceDate "2008.09.06"]

1. e4 c5 2. Nf3 b6 3. d4 cxd4 4. Nxd4 Bb7 5. Nc3 a6 6. Bg5 Qc7 7. Qf3 e6 8.
O-O-O Bb4 9. Bf4 d6 10. Qg3 g6 11. a3 Bc5 12. Ndb5 axb5 13. Nxb5 Qc6 14. Bxd6
Bxd6 15. Nxd6+ Kf8 16. Qe5 f6 17. Qxe6 Qc7 18. Bc4 Ba6 19. Nb5 Qf4+ 20. Kb1 Kg7
21. Qf7+ Kh6 22. Qf8+ 1-0

[Event "Open Parla 2008"]
[Site "Parla ESP"]
[Date "2008.09.11"]
[Round "6.10"]
[White "Solaesa Navalpotro, Luis Julio"]
[Black "Moreno Ruiz, Javier"]
[Result "1-0"]
[WhiteElo "2216"]
[BlackElo "2470"]
[PlyCount "91"]
[EventDate "2008.09.06"]
[EventType "swiss"]
[EventRounds "9"]
[EventCountry "AUT"]
[Source "lmi"]
[SourceDate "2008.09.06"]

1. d4 e6 2. Nf3 Nf6 3. g3 d5 4. Bg2 Be7 5. O-O O-O 6. c4 c5 7. cxd5 exd5 8. Nc3
Nc6 9. dxc5 Bxc5 10. Bg5 Be6 11. Bxf6 Qxf6 12. Nxd5 Qxb2 13. Nc7 Rad8 14. Qc1
Qxc1 15. Raxc1 b6 16. Nxe6 fxe6 17. e3 h6 18. Rc4 Rf6 19. Re4 Rd6 20. h4 a5 21.
a4 Nb4 22. g4 Na2 23. Kh2 Nc3 24. Rc4 Bb4 25. Nd4 Nxa4 26. Nc2 Nc5 27. Nxb4
axb4 28. g5 hxg5 29. hxg5 Rf5 30. Rxb4 Rxg5 31. Rfb1 Nd7 32. Ra1 e5 33. f4 exf4
34. exf4 Rgg6 35. Be4 Rh6+ 36. Kg3 Nc5 37. Kg4 Nxe4 38. Rxe4 Rdg6+ 39. Kf5 Kh7
40. Re5 Rh4 41. Rf1 Kh6 42. Ke4 Rf6 43. Rf5 Rc6 44. Rd5 Rc4+ 45. Ke5 Rc6 46.
Ke4 1-0

[Event "Open Parla 2008"]
[Site "Parla ESP"]
[Date "2008.09.11"]
[Round "6.11"]
[White "Ivanovitch Balsinde, Nicolas"]
[Black "Martinez Martin, David"]
[Result "1-0"]
[WhiteElo "2149"]
[BlackElo "2415"]
[PlyCount "41"]
[EventDate "2008.09.06"]
[EventType "swiss"]
[EventRounds "9"]
[EventCountry "AUT"]
[Source "lmi"]
[SourceDate "2008.09.06"]

1. e4 c5 2. c3 g6 3. d4 cxd4 4. cxd4 Bg7 5. Nc3 b6 6. Be3 Bb7 7. Bd3 Nf6 8. f3
O-O 9. Nge2 Nc6 10. Rc1 d6 11. O-O Rc8 12. Qd2 Nd7 13. Bb1 Ba6 14. Rfd1 b5 15.
Bd3 Nb6 16. Nxb5 Qd7 17. Nxd6 Qxd6 18. Bxa6 Rcd8 19. Qc3 Nb4 20. Bf4 Qe6 21.
Qxb4 1-0

[Event "Open Parla 2008"]
[Site "Parla ESP"]
[Date "2008.09.11"]
[Round "6.13"]
[White "Gago Padreny, Ignacio"]
[Black "Elissalt Cardenas, Hector"]
[Result "1-0"]
[WhiteElo "2169"]
[BlackElo "2317"]
[PlyCount "71"]
[EventDate "2008.09.06"]
[EventType "swiss"]
[EventRounds "9"]
[EventCountry "AUT"]
[Source "lmi"]
[SourceDate "2008.09.06"]

1. d4 e6 2. c4 f5 3. g3 Nf6 4. Bg2 Bb4+ 5. Bd2 Qe7 6. Nf3 Nc6 7. O-O Bxd2 8.
Nbxd2 d6 9. Re1 Ne4 10. Qc2 d5 11. e3 O-O 12. a3 a5 13. Rac1 a4 14. Nb1 Qf7 15.
Ne5 Nxe5 16. dxe5 c6 17. f3 Nc5 18. cxd5 Nb3 19. d6 Nxc1 20. Rxc1 Bd7 21. f4
Qe8 22. Nc3 c5 23. Bxb7 Rb8 24. Bg2 Rb3 25. e4 Qb8 26. Nd1 g6 27. exf5 gxf5 28.
Qf2 Rc8 29. g4 fxg4 30. Qh4 c4 31. Nf2 Qa7 32. Kh1 Rxb2 33. Qg5+ Kf8 34. Qf6+
Kg8 35. Nxg4 h5 36. Nh6+ 1-0

[Event "Open Parla 2008"]
[Site "Parla ESP"]
[Date "2008.09.11"]
[Round "6.14"]
[White "Lopez-Andujar Ocana, Antonio"]
[Black "Rodriguez Yuste, Marcelo"]
[Result "1-0"]
[WhiteElo "2138"]
[BlackElo "2243"]
[PlyCount "87"]
[EventDate "2008.09.06"]
[EventType "swiss"]
[EventRounds "9"]
[EventCountry "AUT"]
[Source "lmi"]
[SourceDate "2008.09.06"]

1. c4 c5 2. Nc3 Nc6 3. g3 g6 4. Bg2 Bg7 5. Nf3 e5 6. O-O Nge7 7. d3 O-O 8. e4
d6 9. Bg5 f6 10. Be3 Rb8 11. Rb1 Nd4 12. Bxd4 cxd4 13. Ne2 Qa5 14. Qd2 Qa6 15.
Rfc1 Be6 16. b4 b5 17. cxb5 Qxb5 18. Ne1 Nc6 19. Nc2 Qa4 20. Rb2 Rb6 21. Rcb1
Rfb8 22. Nc1 Bf7 23. Bf3 Qa6 24. Bd1 d5 25. a4 Qxa4 26. Ra2 Qb5 27. Na3 Qa6 28.
Nc4 Qxa2 29. Qxa2 dxc4 30. dxc4 Rxb4 31. Rxb4 Rxb4 32. Bb3 Bf8 33. Nd3 Rb6 34.
Qa4 h5 35. Ba2 Nb4 36. c5 Nxa2 37. cxb6 axb6 38. Qc6 Nb4 39. Nxb4 Bxb4 40. Qxf6
Bc5 41. Qxe5 d3 42. Qc3 Be7 43. Qxd3 Be8 44. Qb3+ 1-0

[Event "Open Parla 2008"]
[Site "Parla ESP"]
[Date "2008.09.11"]
[Round "6.15"]
[White "Cabanas Bravo, Juan Andres"]
[Black "Ballesteros Gonzalez, David"]
[Result "1/2-1/2"]
[WhiteElo "2019"]
[BlackElo "2285"]
[PlyCount "152"]
[EventDate "2008.09.06"]
[EventType "swiss"]
[EventRounds "9"]
[EventCountry "AUT"]
[Source "lmi"]
[SourceDate "2008.09.06"]

1. e4 c5 2. Nf3 d6 3. d4 cxd4 4. Nxd4 Nf6 5. Nc3 g6 6. Be3 Bg7 7. f3 O-O 8. Qd2
Nc6 9. Bc4 Na5 10. Be2 a6 11. h4 h5 12. Bh6 b5 13. Bxg7 Kxg7 14. O-O-O Bb7 15.
Qg5 e6 16. e5 Nd5 17. Nxd5 Qxg5+ 18. hxg5 Bxd5 19. exd6 Rfd8 20. Rh4 Rxd6 21.
b3 e5 22. b4 exd4 23. Rhxd4 Re8 24. Bxb5 axb5 25. bxa5 Red8 26. a6 Rxa6 27.
Rxd5 Rc8 28. Kb2 Rca8 29. Ra1 Rb8 30. a3 Ra4 31. Re1 Rc4 32. Re4 Rc7 33. c3
Rbc8 34. Re3 Rb8 35. Kb3 Ra7 36. Ree5 Rba8 37. Rxb5 Rxa3+ 38. Kc2 Ra2+ 39. Rb2
Ra1 40. c4 Rg1 41. Kb3 h4 42. Rb5 Rf1 43. Kb4 h3 44. gxh3 Rxf3 45. Rb3 Rf4 46.
Rb7 Rc8 47. Rc3 Kf8 48. Kb5 Rf5+ 49. c5 Rxg5 50. Kb6 Re5 51. Rc7 Rb8+ 52. Ka7
Rb1 53. Rf3 f5 54. Rd3 Ra1+ 55. Kb7 Rb1+ 56. Kc6 Re6+ 57. Kd5 Rbe1 58. c6 R1e5+
59. Kc4 Re4+ 60. Kc5 R4e5+ 61. Rd5 f4 62. Ra7 Re8 63. Rh7 R5e7 64. Rh4 f3 65.
Rd7 g5 66. Rh8+ Kf7 67. Rxe8 Kxe8 68. Rxe7+ Kxe7 69. Kb6 f2 70. c7 f1=Q 71.
c8=Q Qb1+ 72. Ka7 Kf6 73. Qd8+ Kf5 74. Qd7+ Kf4 75. Qg4+ Ke5 76. Qxg5+ Qf5
1/2-1/2

[Event "Open Parla 2008"]
[Site "Parla ESP"]
[Date "2008.09.11"]
[Round "6.16"]
[White "Penalosa Pinilla, Jesus"]
[Black "Andalon Gomez, Carlos Jesus"]
[Result "1-0"]
[WhiteElo "2224"]
[BlackElo "2017"]
[PlyCount "89"]
[EventDate "2008.09.06"]
[EventType "swiss"]
[EventRounds "9"]
[EventCountry "AUT"]
[Source "lmi"]
[SourceDate "2008.09.06"]

1. e4 e6 2. d3 d5 3. Nd2 c5 4. Ngf3 Nc6 5. g3 Bd6 6. Bg2 Nge7 7. O-O O-O 8. c3
b6 9. Re1 Ba6 10. Bf1 dxe4 11. Nxe4 Bc7 12. Qc2 Nf5 13. Rd1 Qe7 14. a3 Rfd8 15.
b4 cxb4 16. axb4 Bb7 17. Ba3 Qe8 18. b5 Nce7 19. c4 Ng6 20. d4 Nd6 21. Nfd2 f5
22. Nxd6 Bxd6 23. c5 bxc5 24. dxc5 Be5 25. Rac1 Bd5 26. c6 Rdc8 27. Bc4 Bxc4
28. Qxc4 Bc7 29. Nf3 Kh8 30. Rd7 Bb6 31. Rcd1 h6 32. Bb2 e5 33. Qf7 Qxf7 34.
Rxf7 Rd8 35. Rdd7 Rxd7 36. Rxd7 Re8 37. h4 Nf8 38. Rb7 Ne6 39. Bxe5 Nc5 40. Rb8
Rxb8 41. Bxb8 a6 42. c7 Bxc7 43. Bxc7 axb5 44. Ba5 Kg8 45. Nd4 1-0

[Event "Open Parla 2008"]
[Site "Parla ESP"]
[Date "2008.09.11"]
[Round "6.17"]
[White "Gomez Peco, Pablo"]
[Black "Rodrigo Yanguas, Maria"]
[Result "1/2-1/2"]
[WhiteElo "2197"]
[BlackElo "1999"]
[PlyCount "115"]
[EventDate "2008.09.06"]
[EventType "swiss"]
[EventRounds "9"]
[EventCountry "AUT"]
[Source "lmi"]
[SourceDate "2008.09.06"]

1. d4 d5 2. Nf3 Nf6 3. c4 c6 4. Nc3 a6 5. c5 Bf5 6. Bf4 e6 7. h3 Be7 8. e3 Nbd7
9. Be2 Ne4 10. Qb3 Qc8 11. O-O O-O 12. Rfc1 Bd8 13. Qd1 h6 14. b4 Bc7 15. Nxe4
Bxe4 16. Bxc7 Qxc7 17. Nd2 Bh7 18. a4 e5 19. dxe5 Nxe5 20. Nf3 Nxf3+ 21. Bxf3
Qe5 22. b5 Rfe8 23. bxc6 bxc6 24. a5 Reb8 25. Qa4 Qc7 26. Be2 Rb2 27. Bf1 Qb7
28. Qd1 Qe7 29. Qd4 Qb7 30. Ra3 Rb8 31. Qa4 Rb4 32. Qd1 Re8 33. Qe2 Rb5 34. Ra4
Re4 35. Rxe4 Bxe4 36. Ra1 Qa7 37. Qd2 Rb3 38. Rc1 Qb7 39. Ra1 Kf8 40. Qd4 Kg8
41. Qe5 Rb4 42. Qd6 Rb1 43. Rxb1 Qxb1 44. Qd8+ Kh7 45. Qb6 Qc1 46. Qxa6 Qxc5
47. Qb6 Qc1 48. a6 Bd3 49. a7 Qxf1+ 50. Kh2 Be4 51. f3 Bxf3 52. Qb2 Qa6 53.
gxf3 Qxa7 54. Qc2+ Kg8 55. Qxc6 Qxe3 56. Qc8+ Kh7 57. Qf5+ Kg8 58. Qc8+ 1/2-1/2

[Event "Open Parla 2008"]
[Site "Parla ESP"]
[Date "2008.09.11"]
[Round "6.18"]
[White "Castejon Caballero, Andres"]
[Black "Salcedo Tornero, Pablo"]
[Result "0-1"]
[WhiteElo "1993"]
[BlackElo "2157"]
[PlyCount "68"]
[EventDate "2008.09.06"]
[EventType "swiss"]
[EventRounds "9"]
[EventCountry "AUT"]
[Source "lmi"]
[SourceDate "2008.09.06"]

1. e4 d6 2. d4 Nf6 3. Nc3 g6 4. f3 Bg7 5. Be3 c6 6. Qd2 b5 7. Be2 Nbd7 8. Nh3
Nb6 9. Nf2 Qc7 10. a4 Nc4 11. Bxc4 bxc4 12. O-O a5 13. Bg5 O-O 14. d5 Bb7 15.
Rab1 Rfb8 16. h4 cxd5 17. exd5 Bc8 18. Rfe1 h5 19. Nfe4 Bd7 20. Nxf6+ exf6 21.
Bh6 Rb4 22. Bxg7 Kxg7 23. Ne4 Bf5 24. Nxf6 Qc5+ 25. Kh1 c3 26. Qg5 Rh8 27. f4
Bxc2 28. Re8 Rxe8 29. Nxe8+ Kf8 30. Nf6 Qe3 31. Nd7+ Ke8 32. Nf6+ Kd8 33. Ne4+
Kd7 34. Nf6+ Kc7 0-1

[Event "Open Parla 2008"]
[Site "Parla ESP"]
[Date "2008.09.11"]
[Round "6.19"]
[White "Lozano Cortijo, Mariano"]
[Black "Baeza Escudero, Javier"]
[Result "1-0"]
[WhiteElo "2156"]
[BlackElo "1971"]
[PlyCount "41"]
[EventDate "2008.09.06"]
[EventType "swiss"]
[EventRounds "9"]
[EventCountry "AUT"]
[Source "lmi"]
[SourceDate "2008.09.06"]

1. e4 e5 2. Nf3 Nc6 3. d4 exd4 4. Bc4 Bc5 5. c3 d3 6. Qxd3 Qe7 7. O-O Ne5 8.
Nxe5 Qxe5 9. Nd2 Nf6 10. Nf3 Qh5 11. Bf4 Bb6 12. e5 Ng4 13. h3 Nh6 14. Ng5 Qg6
15. Qd2 Qc6 16. Bd5 Qb5 17. a4 Qc5 18. Ne4 Qe7 19. Bxh6 gxh6 20. a5 c6 21. Nd6+
1-0

[Event "Open Parla 2008"]
[Site "Parla ESP"]
[Date "2008.09.11"]
[Round "6.20"]
[White "Prada Teruel, Carlos"]
[Black "Anton Veiga, Juan Carlos"]
[Result "1/2-1/2"]
[WhiteElo "1949"]
[BlackElo "2153"]
[PlyCount "128"]
[EventDate "2008.09.06"]
[EventType "swiss"]
[EventRounds "9"]
[EventCountry "AUT"]
[Source "lmi"]
[SourceDate "2008.09.06"]

1. e4 c5 2. Nf3 d6 3. d4 cxd4 4. Nxd4 Nf6 5. Nc3 g6 6. f3 Bg7 7. Be3 O-O 8. Bc4
Nc6 9. Qd2 Bd7 10. O-O-O Rc8 11. Bb3 Ne5 12. Bh6 Nc4 13. Bxc4 Rxc4 14. Nde2 Qa5
15. h4 Rfc8 16. Bxg7 Kxg7 17. h5 gxh5 18. a3 h6 19. g4 h4 20. Rxh4 Qg5 21. Rdh1
Qxd2+ 22. Kxd2 Ng8 23. Nf4 R4c5 24. Nfd5 b5 25. Rh5 f6 26. Ne3 Rxh5 27. Rxh5 a6
28. Ncd5 Be8 29. Rh1 e6 30. Nf4 Kf7 31. Rc1 Ke7 32. c4 bxc4 33. Rxc4 Rxc4 34.
Nxc4 Bc6 35. Ne3 Kd7 36. Kc3 Ne7 37. Kb4 f5 38. gxf5 exf5 39. exf5 Bxf3 40. Ka5
d5 41. Kxa6 d4 42. Nc4 Nc6 43. b4 Be4 44. f6 Nd8 45. b5 Nf7 46. Kb6 h5 47. Nxh5
Ke6 48. a4 Bf3 49. Nf4+ Kxf6 50. Kc5 Kf5 51. Nd3 Be2 52. Kxd4 Ng5 53. Nc5 Nf7
54. Ne3+ Kf6 55. Nd5+ Kf5 56. b6 Nd8 57. a5 Nc6+ 58. Kc3 Nxa5 59. Kb4 Nc6+ 60.
Ka4 Ke5 61. Nb4 Nxb4 62. Kxb4 Bf3 63. Ka5 Kd6 64. Nb7+ Bxb7 1/2-1/2

[Event "Open Parla 2008"]
[Site "Parla ESP"]
[Date "2008.09.11"]
[Round "6.21"]
[White "Cerrato Torrijos, Maria"]
[Black "Lopez de Turiso Sanchez, Jose Ang"]
[Result "1/2-1/2"]
[WhiteElo "1877"]
[BlackElo "2137"]
[PlyCount "66"]
[EventDate "2008.09.06"]
[EventType "swiss"]
[EventRounds "9"]
[EventCountry "AUT"]
[Source "lmi"]
[SourceDate "2008.09.06"]

1. e4 e6 2. d4 d5 3. Nc3 dxe4 4. Nxe4 Nd7 5. Nf3 Ngf6 6. Nxf6+ Nxf6 7. Bd3 Be7
8. c3 O-O 9. O-O c5 10. dxc5 Bxc5 11. Qc2 h6 12. Re1 Qc7 13. Be3 Bxe3 14. Rxe3
b6 15. h3 Bb7 16. Nd2 Rfd8 17. c4 Rd7 18. Ne4 Bxe4 19. Bxe4 Nxe4 20. Qxe4 Rad8
21. b3 Rd1+ 22. Rxd1 Rxd1+ 23. Re1 Rd2 24. Re2 Rd7 25. g3 Qd8 26. Kg2 Rd4 27.
Qb7 Rd7 28. Qe4 g6 29. h4 h5 30. Rc2 Rd4 31. Qb7 Rd7 32. Qe4 Rd4 33. Qb7 Rd7
1/2-1/2

[Event "Open Parla 2008"]
[Site "Parla ESP"]
[Date "2008.09.11"]
[Round "6.22"]
[White "Vazquez Gonzalez, Francisco"]
[Black "Gutierrez Gonzalez, Francisco Jav"]
[Result "1-0"]
[WhiteElo "2125"]
[BlackElo "1943"]
[PlyCount "35"]
[EventDate "2008.09.06"]
[EventType "swiss"]
[EventRounds "9"]
[EventCountry "AUT"]
[Source "lmi"]
[SourceDate "2008.09.06"]

1. e4 e5 2. Nf3 d6 3. d4 exd4 4. Nxd4 Nc6 5. Nc3 g6 6. Be3 Bg7 7. Bb5 Bd7 8.
O-O a6 9. Bc4 Ne5 10. Be2 Nh6 11. h3 Qh4 12. Qd2 Bxh3 13. Bg5 Bxg2 14. Bxh4
Bxf1 15. Kxf1 f6 16. Ne6 Kf7 17. Nxc7 Nhg4 18. Qd5+ 1-0

[Event "Open Parla 2008"]
[Site "Parla ESP"]
[Date "2008.09.11"]
[Round "6.23"]
[White "Sierra Soria, Maria"]
[Black "Coleto Calderon, Jose Antonio"]
[Result "0-1"]
[WhiteElo "1708"]
[BlackElo "2122"]
[PlyCount "54"]
[EventDate "2008.09.06"]
[EventType "swiss"]
[EventRounds "9"]
[EventCountry "AUT"]
[Source "lmi"]
[SourceDate "2008.09.06"]

1. c4 e5 2. Nc3 f5 3. Nf3 d6 4. d4 e4 5. Ng5 Be7 6. Nh3 Be6 7. e3 c6 8. Nf4 Bf7
9. Be2 Nf6 10. O-O Nbd7 11. b3 O-O 12. Bb2 Re8 13. Re1 Nf8 14. Bf1 Ng6 15. Nce2
Nh4 16. Ng3 Qd7 17. Qd2 d5 18. Rac1 Bd6 19. cxd5 cxd5 20. Qa5 Qe7 21. Red1 g5
22. Nh3 f4 23. exf4 gxf4 24. Ne2 Nh5 25. Qd2 Qf6 26. Ra1 Be6 27. g3 Nf3+ 0-1

[Event "Open Parla 2008"]
[Site "Parla ESP"]
[Date "2008.09.11"]
[Round "6.24"]
[White "Huguet Mainar, Sergio"]
[Black "Camarero Izquierdo, Juan Carlos"]
[Result "1-0"]
[WhiteElo "2109"]
[BlackElo "1928"]
[PlyCount "67"]
[EventDate "2008.09.06"]
[EventType "swiss"]
[EventRounds "9"]
[EventCountry "AUT"]
[Source "lmi"]
[SourceDate "2008.09.06"]

1. e4 c5 2. c3 e6 3. d4 d5 4. exd5 Qxd5 5. Nf3 cxd4 6. cxd4 Nf6 7. Nc3 Qa5 8.
Bd3 Bd6 9. O-O a6 10. Bd2 Qh5 11. Be2 O-O 12. Ne5 Qh4 13. Nf3 Qh5 14. g3 Ng4
15. Kg2 f5 16. h3 Nf6 17. Ne5 Qe8 18. Bf3 Bxe5 19. dxe5 Nfd7 20. Bf4 Nc6 21.
Qd6 Nd8 22. Qc7 Nf7 23. Rad1 g5 24. Bxb7 Bxb7+ 25. Qxb7 Nc5 26. Qb6 Qc8 27. Be3
Nxe5 28. Bxc5 Rb8 29. Qd6 Qb7+ 30. f3 Nxf3 31. Rxf3 g4 32. hxg4 fxg4 33. Qxe6+
Kg7 34. Bd4+ 1-0

[Event "Open Parla 2008"]
[Site "Parla ESP"]
[Date "2008.09.11"]
[Round "6.25"]
[White "Rodriguez Centenera, Sara"]
[Black "Vazquez Gonzalez, Jesus"]
[Result "0-1"]
[WhiteElo "1674"]
[BlackElo "2080"]
[PlyCount "100"]
[EventDate "2008.09.06"]
[EventType "swiss"]
[EventRounds "9"]
[EventCountry "AUT"]
[Source "lmi"]
[SourceDate "2008.09.06"]

1. d4 Nf6 2. c4 e6 3. Nc3 b6 4. e4 Bb4 5. Bd3 Bb7 6. Qc2 c5 7. d5 d6 8. Nge2
Nbd7 9. O-O Bxc3 10. Nxc3 Ne5 11. f4 Nxd3 12. Qxd3 exd5 13. exd5 O-O 14. b3 Re8
15. Bd2 a6 16. Rfe1 Qd7 17. a3 Rad8 18. Qg3 Qf5 19. Rxe8+ Rxe8 20. Re1 Rxe1+
21. Qxe1 Kf8 22. Qb1 Qxb1+ 23. Nxb1 Bc8 24. Bc3 Bf5 25. Bxf6 Bxb1 26. Bd8 Ba2
27. b4 Bxc4 28. Bxb6 cxb4 29. axb4 Bxd5 30. Bd4 g6 31. Kf2 Ke7 32. g3 Ke6 33.
Ke3 Bc4 34. Bc3 Kd5 35. h4 f5 36. Be1 Bb5 37. Kd2 Kc4 38. Ke3 d5 39. Bd2 d4+
40. Ke2 Kb3+ 41. Kd1 Bc6 42. Be1 Bf3+ 43. Kc1 Kc4 44. Kc2 Be4+ 45. Kd1 Kd3 46.
Bd2 Bd5 47. Be1 Bb3+ 48. Kc1 Ke2 49. Bd2 Kf2 50. Kb2 Bc4 0-1